The agrarian system of Mughal India, 1556-1707/ (Record no. 18084)

MARC details
000 -LEADER
fixed length control field 00770cam a2200253u 4500
001 - CONTROL NUMBER
control field 8914593
003 - CONTROL NUMBER IDENTIFIER
control field BDDh-ASL
005 - DATE AND TIME OF LATEST TRANSACTION
control field 20231015025659.0
008 - FIXED-LENGTH DATA ELEMENTS--GENERAL INFORMATION
fixed length control field 801220s1963 enkb 000 0 eng
010 ## - LIBRARY OF CONGRESS CONTROL NUMBER
LC control number 63025276
040 ## - CATALOGING SOURCE
Original cataloging agency DLC
Transcribing agency CarP
Modifying agency BDDh-ASL
043 ## - GEOGRAPHIC AREA CODE
Geographic area code a-ii---
050 00 - LIBRARY OF CONGRESS CALL NUMBER
Classification number HD874
Item number .H2
082 ## - DEWEY DECIMAL CLASSIFICATION NUMBER
Classification number 954.025
Item number HAG
100 1# - MAIN ENTRY--PERSONAL NAME
Personal name Habib, Irfan,
Dates associated with a name 1931-
245 14 - TITLE STATEMENT
Title The agrarian system of Mughal India, 1556-1707/
Statement of responsibility, etc. by Irfan Habib.
260 ## - PUBLICATION, DISTRIBUTION, ETC.
Place of publication, distribution, etc. London:
Name of publisher, distributor, etc. Asia Pub. House,
Date of publication, distribution, etc. 1963.
300 ## - PHYSICAL DESCRIPTION
Extent ix, 453 p. :
Other physical details map ;
Dimensions 26 cm.
504 ## - BIBLIOGRAPHY, ETC. NOTE
Bibliography, etc. note Includes bibliographical references and index.
650 #0 - SUBJECT ADDED ENTRY--TOPICAL TERM
Topical term or geographic name entry element Peasants
Geographic subdivision India
General subdivision History.
650 #0 - SUBJECT ADDED ENTRY--TOPICAL TERM
Topical term or geographic name entry element Land tenure
Geographic subdivision India
General subdivision History.
906 ## - LOCAL DATA ELEMENT F, LDF (RLIN)
a 0
b cbc
c premunv
d u
e ncip
f 19
g y-gencatlg
942 ## - ADDED ENTRY ELEMENTS (KOHA)
Source of classification or shelving scheme Dewey Decimal Classification
Koha item type Books
Holdings
Withdrawn status Lost status Source of classification or shelving scheme Damaged status Not for loan Collection code Home library Current library Shelving location Date acquired Source of acquisition Total Checkouts Full call number Barcode Date last seen Copy number Price effective from Koha item type Public note
    Dewey Decimal Classification   Not For Loan Non-fiction Asiatic Society Library Asiatic Society Library Harrison Collection 09/19/2020 Donated by Prof. John B. Harrison   954.025 HAG 101242 09/19/2020 C-1 09/19/2020 Books RARE

Powered by Koha